000 00915cam a22002655a 4500
001 17824301
005 20150609155911.0
008 130724t2014 flua frb 001 0 eng d
020 _a9781466561816 (hardcover : alk. paper)
040 _aDLC
_beng
_cDLC
_dDLC
_dEG-ScBUE
050 0 0 _aTD889
_b.S35 2014
082 0 4 _a628.53
_222
_bSCH
100 1 _aSchifftner, Kenneth C.
_938133
245 1 0 _aAir pollution control equipment selection guide /
_cKenneth C. Schifftner.
250 _a2nd ed.
260 _aBoca Raton :
_bCRC Press / Taylor & Francis,
_cc.2014
_f(Acid-Free Paper)
300 _axvii, 273 p. :
_bill. ;
_c25 cm.
500 _aIndex : p. 263-273.
504 _aIncludes bibliographical references.
650 0 _aAir
_xPurification
_xEquipment and supplies.
_2BUEsh
650 0 _aPollution control equipment.
_2BUEsh
653 _bENGGEN
_cJune2015
655 _vreading book
_934232
942 _2ddc
999 _c19510
_d19482